000 00571cam a2200205 a 4500
001 000008863
005 20200929161428.0
008 740115s1989 cu 001 1 spa
040 _aDO-SdBNP
_bspa
_cLC
_dBNPHU
050 0 0 _aPQ7297.F793
_bR4
082 _ann*
_bF954r
100 1 _aFuentes, Carlos.
_917556
245 1 3 _aLa región mas transparente /
_cCarlos Fuentes.
260 _aLa Habana :
_bArte y Literatura,
_c1989.
300 _a636 p. ;
_c18 cm.
490 1 _aBolsilibros
830 0 _aBolsilibros
_923397
910 _aCatalogación derivada
049 _aBNGR
999 _c8632
_d8632